Fr. Conceicao Rodrigues College of Engineering

Big Data Architects Handbook (Record no. 36212)

MARC details
000 -LEADER
fixed length control field 00356nam a22001457a 4500
003 - CONTROL NUMBER IDENTIFIER
control field OSt
005 - DATE AND TIME OF LATEST TRANSACTION
control field 20250324124149.0
008 - FIXED-LENGTH DATA ELEMENTS--GENERAL INFORMATION
fixed length control field 250324b |||||||| |||| 00| 0 eng d
020 ## - INTERNATIONAL STANDARD BOOK NUMBER
International Standard Book Number 9781788835824
040 ## - CATALOGING SOURCE
Transcribing agency
082 ## - DEWEY DECIMAL CLASSIFICATION NUMBER
Classification number 005.7
Item number SYE
245 ## - TITLE STATEMENT
Title Big Data Architects Handbook
Statement of responsibility, etc. Syed Muhammad Fahad Akhtar
260 ## - PUBLICATION, DISTRIBUTION, ETC.
Name of publisher, distributor, etc. PACKT
Date of publication, distribution, etc. 2018
942 ## - ADDED ENTRY ELEMENTS (KOHA)
Source of classification or shelving scheme Dewey Decimal Classification
Koha item type Reference Book
Suppress in OPAC No

No items available.